| 000 | 01144aam a2200301 a 4500 | ||
|---|---|---|---|
| 003 | IeDuTC | ||
| 005 | 20230808112917.0 | ||
| 008 | 060217s2006 enka b 001 0 eng | ||
| 010 | _a 2006005605 | ||
| 015 |
_aGBA668684 _2bnb |
||
| 020 |
_a9781845425975 (hbk.) : _c£90.00 |
||
| 020 |
_a1845425979 (hbk.) : _c£90.00 |
||
| 040 |
_aStDuBDS _beng _cStDuBDS _dUk |
||
| 042 | _aukblsr | ||
| 043 | _ad------ | ||
| 050 | 0 | 0 |
_aHF1379 _b.E475 2006 |
| 082 | 0 | 0 |
_a338.88 _222 |
| 245 | 0 | 0 |
_aEmerging economies and the transformation of international business : _bBrazil, Russia, India and China (BRICs) / _cedited by Subhash C. Jain. |
| 260 |
_aCheltenham : _bEdward Elgar, _c2006. |
||
| 300 |
_axvi, 549 p. : _bill. ; _c24 cm. |
||
| 440 | 0 | _aNew horizons in international business. | |
| 504 | _aIncludes bibliographical references and index. | ||
| 650 | 0 | _aInternational trade. | |
| 650 | 0 |
_aStrategic planning _zDeveloping countries _vCase studies. |
|
| 700 | 1 |
_aJain, Subhash C. _q(Subhash Chandra), _d1938- |
|
| 856 | 4 | 1 |
_3Table of contents only _uhttp://www.loc.gov/catdir/toc/ecip069/2006005605.html _yClick here for access. |
| 942 |
_2ddc _cMAIN |
||
| 999 |
_c9676 _d9677 |
||